Visualizzazione normale
Vista MARC
- Chiri
di Personal Name
Records bibliografici associati: 1
001 - CONTROL NUMBER
- control field: 10789
003 - CONTROL NUMBER IDENTIFIER
- control field: IT-RoPau
005 - DATE AND TIME OF LATEST TRANSACTION
- control field: 20140126205700.0
008 - FIXED-LENGTH DATA ELEMENTS
- fixed length control field: 140126|| aca||aabn | a|a d
040 ## - CATALOGING SOURCE
- Original cataloging agency: IT-RoPau
- Transcribing agency: IT-RoPau
100 ## - HEADING--PERSONAL NAME
- Personal name: Chiri
- Dates associated with a name: Codice autore SPICS: 13539
- Relator term: Autore
- Name of part/section of a work: Riverito sior Goldoni
670 ## - SOURCE DATA FOUND
- Source citation: Work cat.: (IT-RoPau)100141: AA.VV. 794, Venezia t'amo